000 00663nam a2200289Ia 4500
005 20260324122804.0
008 008 260324s9999 xx 000 0 eng d
020 _a9780203804629
037 _aEBOOK
040 _aCRL
040 _beng
040 _cCRL
041 _2eng
041 _aeng
084 _qCRL
100 _aRichard Dyer
_9998689
245 0 _aIn The Space Of A Song
245 4 _bThe Uses of Song in Film
260 _bTaylor and Francis
260 _c2012
365 _a
365 _b230
856 _uhttp://www.taylorfrancis.com/books/9780203804629
942 _cEBOOK
999 _c1760816
_d1760816